| 000 | 00845nam1a22002411i 4500 | ||
|---|---|---|---|
| 001 | rc\2908631 | ||
| 005 | 20240723202020.0 | ||
| 035 | _a(NLR Aleph) 007059493 | ||
| 090 |
_a6270793 _c6270793 |
||
| 100 | _a20110804d1933 |||y0rusy50 ca | ||
| 101 | 0 | _arus | |
| 102 | _aRU | ||
| 105 | _ay z ||||| | ||
| 200 | 1 |
_aКурс физической металлургии стали _fпроф. Н.Т. Гудцов _gСССР - НКТП. Ленингр. металлург. ин-т |
|
| 210 |
_aЛенинград _cБ. и. _d1933 |
||
| 215 |
_a1 т. _d31 см |
||
| 300 | _aНаписано от руки. Литогр. | ||
| 333 | _aНа правах рукописи | ||
| 700 | 1 |
_aГудцов _bН.Т. _f1885-1957 _gНиколай Тимофеевич |
|
| 801 | 0 |
_aRU _bNLR _gpsbo |
|
| 801 | 1 |
_aRU _bELAR _2rusmarc |
|
| 852 |
_aNLR _j69-9/287 |
||
| 942 | _cBOOK | ||